Na festival v opere pozabudnime

Bibliographic Details
Main Author: Unger, Pavel, 1951- (Author)
Format: Article
Language:Slovak
PhysicalDescription:Fotogr.
ISSN:1335-4140
Subjects:

MARC

LEADER 00000nab a2200000 a 4500
001 vtls000815351
003 SK-MaSNL
005 20260304122209.0
008 250429c2002 xo 0 slo
015 |a SNBRB2002/11-37208 
035 |a CLN000167006 
035 |a urn:nbn:sk:snk-ab21n1 
035 |a (urnnbn)urn:nbn:sk:snk:ar-a01ew5 
035 |a (uuid)6d747e68-83ee-4495-99f8-98000b881fec 
040 |a SNKBUCL  |b slo  |c SNKBUCL  |e AACR2 
041 0 |a slo 
044 |a xo  |c SK 
080 |a 792.5  |2 1997 
080 |a 78.091.4:792.5  |2 1997 
100 1 |a Unger, Pavel,  |d 1951-  |4 aut  |9 340556 
245 1 0 |a Na festival v opere pozabudnime  |c Pavel Unger 
300 |b Fotogr. 
600 1 7 |a Schönberg, Arnold,  |d 1874-1951  |t Očakávanie  |2 snkbucl  |9 186852 
600 1 7 |a Mozart, Wolfgang Amadeus,  |d 1756-1791  |t Figarova svadba  |2 snkbucl  |9 88559 
600 1 7 |a Puccini, Giacomo,  |d 1858-1924  |t Plášť  |2 snkbucl  |9 29462 
611 2 7 |a Bratislavské hudobné slávnosti  |n (38. :  |d 2002 :  |c Bratislava, Slovensko)  |2 snkbucl  |9 94597 
650 0 7 |a opery  |2 snkbucl  |9 3214 
650 0 7 |a operné inscenácie  |2 snkbucl  |9 3330 
655 7 |a recenzie  |2 snkbucl  |9 21907 
655 7 |a články z novín a časopisov  |2 snkbucl  |9 267496 
773 0 |t Hudobný život  |g Roč. 34, č. 11 (2002), s. 32-33  |x 1335-4140 
850 |a Slovenská národná knižnica 
852 |a Slovenská národná knižnica 
954 |a odborná, vedecká literatúra pôvodná (slovenská)  |2 lita 
958 |a article27 
958 |a OND 
958 |a EUIPO 
992 |a RBX 
999 |c 2888113  |d 2890043